000
00327nam a2200145Ia 4500
008
150201s2008 xx 000 0 und d
082
_a
617.51
_b
M08S
100
_a
SAHOO, G.C.
245
_a
MCQ,S IN ENT
250
_a
1ST
260
_b
JAYPEE BROTHERS
_a
DELHI
_c
2008
300
_a
1-210
650
_a
E.N.T.
942
_2
ddc
_c
BK
_0
6
999
_c
125
_d
125